{"text_format":"3","workbook":"xlsx","n_sheets":1,"sheets":["Sheet1"],"read":"whole","date_system":"1900"}

{"sheet":"Sheet1","index":0,"n_rows":53,"n_cols":7,"rows_kept":53,"merged":[[0,0,0,6],[2,1,2,4],[6,0,6,1],[6,2,6,6],[7,0,7,1],[7,2,7,6],[8,1,8,6],[42,0,42,1],[42,2,42,6],[43,0,43,1],[43,2,43,6],[44,1,44,6],[47,1,47,4],[51,0,51,6]]}
["水安凤栖上院34#地项目建筑劳务控制价"]
["序号","班组名称","单位","暂定工程量","控制单价（含税3%）","小计（元）","备注"]
["一","钢筋工程的劳务"]
[1,"地下室钢筋（以地下室顶板（含顶板）以下为地下，含人防）","t",2613.04,{"v":820,"d":"820.00"},{"$f":"D4*E4","v":{"v":2142692.8,"d":"2142692.80"}}]
[2,"地上主体钢筋（含二次结构钢筋）","m2",{"$f":"70647","v":{"v":70647,"d":"70647.00"}},{"v":55,"d":"55.00"},{"$f":"D5*E5","v":{"v":3885585,"d":"3885585.00"}}]
[7,"小计","元"]
["计量规则说明",null,"1.地上钢筋工程量计算规则：建筑面积计算规则执行《建筑工程建筑面积计算规则GB/T50353-2013以图纸计算。注:阳台按照一半计算建筑面积，一次性包死。其它零星项目综合在包干单价内，不得另行计取，空调板、天井等施工图纸范围内不计算建筑面积的施工项目，其工程量均己综合在主体平方米包干单价内、一律不另计算，不计取任何费用。特别约定，不计算该规范中雨棚、门斗、采光井，外保温、设备平台、外幕墙建筑面积，走廊按半面积计算建筑面积。地下钢筋工程量计算规则：按图纸计算的钢筋使用重量(含锚固和搭接，不含损耗和废料)以吨位计量；若发生零星用工，以现场实际签署零工单数量进行结算。节点划分:地下部位为地库顶板以下，按照实际数量“t”结算，地上部分为地库项板以上，按建筑面积结算；\n2.地下部分的钢筋计算应按照（1）钢筋根数取值为四舍五入+1；（2）一级钢直径为 6 的取值按照 A6 计取，三级钢直径为 6 的取值按照 C6 计取；（3）广联达钢筋计算规则按照中心线计取；（4）广联达圈梁钢筋按照预埋计取（墙体拉结筋、二次结构预留钢筋不管采用哪种施工方法均按工程量清单中相应现浇混凝土钢筋制安子目的综合单价执行，如按植筋方法施工时，植筋费用不另计）（5）措施筋已包含在相关措施费中，投标人综合考虑不再单独计取；措施筋包含包括筏板及板内的马凳筋，梁双层钢筋间的垫铁、剪力墙的撑筋、定位筋、梯子筋，框架柱的模板定位筋，线管加强筋等；\n3.采用面积计价法时，计量单价是按签订合同时的施工蓝图考虑的，若发生变更，只要不发生结算面积的增减，无论其结构构件的难易与数量变化与否,计量单价和结算方法不变；\n4.乙方须充分考虑施工任务的难易程度，综合进行报价，若乙方拒绝甲方要求的工作内客，按其拒绝工作内容价款的1.5倍扣除。"]
["主要项目特征",null,"1.此报价包含钢筋的直螺纹套丝制作、电渣焊焊接，其中钢筋安装中套简由发包人提供；\n2.承包人钢筋工作内容包含所有图纸中所需钢筋所完成钢筋制作，安装绑扎、运输等所有工作及项目部要求的塔吊、施工电梯及物料提升机基础等钢筋工程内容。乙方进场施工前需提供钢筋翻样工程量及图纸算量，保证钢筋节省率5%以上；\n3.因现场条件不允许发包人提供工人宿舍，报价人在报价中充分考虑；\n4.发包人提供钢筋、套筒，塔吊、承包人需提供为完成合格工程的其他材料（如扎丝、垫块、套丝报手等）；\n5.承包人中标后应及时准确的提供所承包范围内钢筋等的材科计划，并提交合理下料表由发包人审核，承包人在使用发包人审该后下料表进行钢筋制作，过程中不得出现正常损耗率以外的材料消耗量，超出损耗率以外部分将照价赔偿(材科进场后由承包人在材料员处验收领取并签字确认数量），损耗率在合同签订前由发承包双方共同确定；\n6承包人报价经双方二次谈判确定价格后，中途不得以任何形式或原因进行涨价或停止后续施工否则发包人有权对承包人进行清场并赔偿损失，前期施工工程量按施工合格工程的二分之一进行结算并将其退场，退场后半年内付清结算工程款；\n7.承包人中标后需按照发包人要求进行绑扎(墙柱满绑，板筋底筋四周两道满绑外其余可隔一绑一，面筋满绑），钢筋安装时需按我司标准进行梯子筋加工及安装；\n8.二次结构钢筋包含构造柱、窗台压顶、圈梁、过染、飘窗、双层空调板；\n9.承包人必须服从现场管理人员管理、做到工完场清及满足文明施工要求，否则项目部将根据规章制度进行相应的处罚。"]
["二","瓦工劳务"]
[1,"地下室顶板及以下瓦工工程（地下车库含人防、主楼地下室）","m2",{"v":20442,"d":"20442.00"},{"v":135,"d":"135.00"},{"$f":"D10*E10","v":{"v":2759670,"d":"2759670.00"}}]
[1.1,"地库顶板及以下瓦工工程-人工清底（含地库大面、电梯井、后浇带、下柱墩、塔吊基础、人货电梯基础、含洋房及高层褥垫层、砖胎模的施工）","m2",{"v":20442,"d":"20442.00"},{"v":3,"d":"3.00"},{"$f":"D11*E11","v":{"v":61326,"d":"61326.00"}}]
[1.2,"地下室（含主楼地下室）顶板及以下主体-垫层浇筑（含地库大面、电梯井、后浇带、下柱墩、塔吊基础、人货电梯基础）","m2",{"v":20442,"d":"20442.00"},{"v":7,"d":"7.00"},{"v":143094,"d":"143094.00"}]
[1.3,"地下室（含主楼地下室）顶板及以下主体-防水保护层（含地库大面、电梯井、后浇带、下柱墩、塔吊基础、人货电梯基础，两层：垫层以上的防水保护层","m2",{"v":20442,"d":"20442.00"},{"v":8,"d":"8.00"},{"v":163536,"d":"163536.00"}]
[1.4,"地下室（含主楼地下室）顶板及以下主体-筏板浇筑","m2",{"v":20442,"d":"20442.00"},{"v":22,"d":"22.00"},{"v":449724,"d":"449724.00"}]
[1.5,"地下室（含主楼地下室）顶板及以下主体-墙柱板浇筑","m2",{"v":20442,"d":"20442.00"},{"v":28,"d":"28.00"},{"v":572376,"d":"572376.00"}]
[1.6,"砖墙，综合各种砖墙厚度(含二次结构）","m2",{"v":20442,"d":"20442.00"},{"v":20,"d":"20.00"},{"v":408840,"d":"408840.00"}]
[1.7,"地库顶板以下-内墙面抹灰，含排水沟内侧抹灰、车道车位12mm厚白水泥","m2",{"v":20442,"d":"20442.00"},{"v":16,"d":"16.00"},{"v":327072,"d":"327072.00"}]
[1.8,"地下室地坪（综合各种地坪厚度、含钢筋网片的铺设、含汽车坡道地坪、含楼梯踏步及休息平台等)","m2",{"v":20442,"d":"20442.00"},{"v":19,"d":"19.00"},{"v":388398,"d":"388398.00"}]
[1.9,"\n1）地库顶板防水保护层找坡层（含钢筋网、土工布、排水板铺设）及防水层下水泥砂浆找平层瓦工施工\n","m2",{"v":20442,"d":"20442.00"},{"v":11,"d":"11.00"},{"v":224862,"d":"224862.00"}]
[{"v":1.1,"d":"1.10"},"外墙防水层基层修补找平、外墙防水保护层安装","m2",{"v":20442,"d":"20442.00"},{"v":1,"d":"1.00"},{"v":20442,"d":"20442.00"}]
[2,"地下室顶板以上瓦工工程（洋房）","m2",40441.46,{"v":175,"d":"175.00"},{"v":7077255.5,"d":"7077255.50"}]
[2.1,"地库顶板以上主体结构构件","m2",40441.46,{"v":21,"d":"21.00"},849270.66]
[2.2,"砌砖（含二次结构）瓦工","m2",40441.46,{"v":54,"d":"54.00"},2183838.84]
[2.3,"散水、坡道、台阶(不含块料面层）","m2",40441.46,{"v":1,"d":"1.00"},40441.46]
[2.4,"内墙面墙面一般抹灰","m2",40441.46,{"v":54,"d":"54.00"},2183838.84]
[2.5,"外墙抹灰（含女儿墙及构架）抹灰工程","m2",40441.46,{"v":26,"d":"26.00"},1051477.96]
[2.6,"室内地坪（含楼梯粉刷）","m2",40441.46,{"v":15,"d":"15.00"},{"v":606621.9,"d":"606621.90"}]
[2.7,"屋面工程（含保温板铺设）瓦工","m2",40441.46,{"v":4,"d":"4.00"},161765.84]
[3,"地下室顶板以上瓦工工程（高层）","m2",23146.54,{"v":165,"d":"165.00"},{"v":3819179.1,"d":"3819179.10"}]
[3.1,"地库顶板以上主体-墙、梁、板、楼梯、反坎等一次浇筑的构件","m2",23146.54,{"v":27,"d":"27.00"},624956.58]
[3.2,"二次结构（含砌砖、构造柱、过梁、圈梁及部分的二次浇筑的节点）","m2",23146.54,{"v":45,"d":"45.00"},{"v":1041594.3,"d":"1041594.30"}]
[3.3,"内墙面墙面一般抹灰\n综合各种抹灰厚度、材质","m2",23146.54,{"v":36,"d":"36.00"},833275.44]
[3.4,"外墙抹灰工程（含阳台外墙、空调机位、设备平台）","m2",23146.54,{"v":31,"d":"31.00"},717542.74]
[3.5,"室内地坪（含一层地面、楼梯踏步、散水、坡道、不含块料面层台阶）综合各种地坪的厚度、材质；","m2",23146.54,{"v":22,"d":"22.00"},509223.88]
[3.6,"屋面工程：防水保护层（含钢筋网片、保温板铺设）\n30厚C20细石混凝土找平层（最薄处30mm厚轻质混凝土找坡层2%）","m2",23146.54,{"v":4,"d":"4.00"},92586.16]
[4,"商业及配套用房瓦工","m2",{"v":7059,"d":"7059.00"},{"v":170,"d":"170.00"},{"v":1200030,"d":"1200030.00"}]
[4.1,"主体结构（含基础工程）","m2",{"v":7059,"d":"7059.00"},{"v":24,"d":"24.00"},{"v":169416,"d":"169416.00"}]
[4.2,"砌砖（含二次结构）瓦工","m2",{"v":7059,"d":"7059.00"},{"v":65,"d":"65.00"},{"v":458835,"d":"458835.00"}]
[4.4,"内墙面墙面一般抹灰","m2",{"v":7059,"d":"7059.00"},{"v":44,"d":"44.00"},{"v":310596,"d":"310596.00"}]
[4.5,"外墙抹灰（含女儿墙及构架）抹灰工程","m2",{"v":7059,"d":"7059.00"},{"v":17,"d":"17.00"},{"v":120003,"d":"120003.00"}]
[4.6,"室内地坪（含楼梯粉刷、散水、不含块料面层台阶）","m2",{"v":7059,"d":"7059.00"},{"v":17,"d":"17.00"},{"v":120003,"d":"120003.00"}]
[4.7,"屋面工程（含保温板铺设）瓦工","m2",{"v":7059,"d":"7059.00"},{"v":3,"d":"3.00"},{"v":21177,"d":"21177.00"}]
["计量规则说明",null,"1、以上工程量为暂定量，以最终结算为准，若以上的报价现场未施工，甲方有权扣除该部分工程量；\n2.外墙抹灰的工程量是站在外架施工的工程量，否则属于内墙工程量；\n3.现场因甲方指令产生的零工签证单，如无详细的零工签证单，不予计算；\n4.若施工需要砖胎膜，则该部分费用已包含在报价内，不另行计价；\n5.塔吊及人货电梯基础的场地平整、硷浇筑等包含在地库瓦工劳务范围内，不另行计价，报价已综合考虑；\n6.上述单价为技工期要求并达到质量标准的前提下，完成各工程部位按计量单位所需的人工费、手工工具和用具、机械费、辅材费、施工器具费、管理费、配合费、经营费、修理费、场外协调费、劳动保护费、劳保统筹费、措施费、运输赛、风险、利润、保险等；\n7.其余清单中未列项，但在本合同第二条承包范围中已包含的内容，不另行计价，报价已综合考虑。乙方须充分考虑施工任务的难易程度，综合进行报价，若乙方拒绝甲方要求的工作内客，按其拒绝工作内容价款的15倍扣除\n8.施工过理中若出现瓦工班组不服从施工员管理的现象(是否服从管理以施工员的评价为界定标准），处以2万元/次的处罚；\n9.因钢筋验收未通过、补方等导致的已组织好的瓦工人员窝工，已综合考虑在报价中，乙方不得以此为由不服从施工员管理，甚至发生闹事现象，否则甲方有权对乙方处以2万元/次的罚款；\n10.计算规则：建筑面积计算规则执行《建筑工程建筑面积计算规则GB/T50353-2013以图纸计算。注:阳台按照一半计算建筑面积，一次性包死。其它零星项目综合在包干单价内，不得另行计取，空调板、天井等施工图纸范围内不计算建筑面积的施工项目，其工程量均己综合在主体平方米包干单价内、一律不另计算，不计取任何费用。特别约定，不计算该规范中雨棚、门斗、采光井、空腔，外保温、设备平台、外幕墙建筑面积，走廊按半面积计算建筑面积；\n11.采用面积计价法时，计量单价是按签订合同时的施工蓝图考虑的，若发生变更，只要不发生结算面积的增减、无论其结构构件的难易与数量变化与否，计量单价和结算方法不变。"]
["备注",null,"1、因现场条件不允许，发包人未提供工人宿舍，投标人在报价中充分考虑，且投标人提供食堂；\n2.承包人需提供为完成合格工程的材料及小型机械如(尊护朦膜，振动棒，平板振动影、抹子、刮板等）；\n3.要求承包人在地下室热层及地下室顶械施工中需做磨光收面；\n4.承包人中途不得以任何形式或原因进行涨价或停止后续施工否则发包人有权对承包人进行清场并赔偿损失，前期施工工程量按施工合格工程的二分之一进行结算井将其退场，退场后半年内付清结算工程款；\n5.承包人必须服从现场管理人员管理，做到工完场清及满足文明施工要求，否则项目部将根据规章制度进行相应的处罚；\n6.由乙方原因导致的板面平整度不符合要求，导致模板底口缝隙过大或模板无法安装，由乙方自行处理，并赔偿甲方由此造成的损失。"]
["三","零星用工"]
[1,"零星用工（小工）","工日",{"v":100,"d":"100.00"},{"v":200,"d":"200.00"},{"$f":"D46*E46","v":{"v":20000,"d":"20000.00"}}]
[2,"零星用工（大工）","工日",{"v":100,"d":"100.00"},{"v":300,"d":"300.00"},{"$f":"D47*E47","v":{"v":30000,"d":"30000.00"}}]
["四","塔吊司机、塔吊指挥、人货电梯司机"]
[1,"塔吊司机","台·月",{"v":72,"d":"72.00"},{"v":8000,"d":"8000.00"},{"$f":"D49*E49","v":{"v":576000,"d":"576000.00"}}]
[2,"司索工","台·月",{"v":72,"d":"72.00"},{"v":4500,"d":"4500.00"},{"$f":"D50*E50","v":{"v":324000,"d":"324000.00"}}]
[3,"信号工","台·月",{"v":72,"d":"72.00"},{"v":4500,"d":"4500.00"},{"$f":"D51*E51","v":{"v":324000,"d":"324000.00"}}]
["备注:1.以上报价为一台塔吊配备司机、信号工、司索工为24小时制包干价，\n2、要求持证上岗，有三年及以上工作经验，要求塔吊司机、信号工、司索工服从甲方现场管理；\n3、塔吊司机、人货电梯司机工作时间不足一个月，工程结算按实际工作时间折算，塔吊司机、信号工均为包干价。          "]
["四","合计","元",null,null,{"$f":"F51+F50+F49+F47+F46+F36+F29+F21+F10+F5+F4","v":{"v":22158412.4,"d":"22158412.40"}}]